Malé a stredné podniky : súčasnosť a budúcnosť /

Salvato in:
Dettagli Bibliografici
Autori principali: Staněk, Peter (Autore), Ivanová, Pavlína (Autore)
Natura: Libro
Lingua:slovacco
Pubblicazione: Bratislava Wolters Kluwer 2017
Edizione:1. vyd.
Serie:Ekonómia 685.
Soggetti:
Tags: Aggiungi Tag
Nessun Tag, puoi essere il primo ad aggiungerne!!

MARC

LEADER 00000nam a22000003a 4500
001 0070871
003 SK-STU
005 20190117080217.6
007 ta
008 190117s ----xo-----e------000-0-----d
020 |a 978-80-8168-737-2 
040 |a STU  |b slo 
041 0 |a slo 
044 |a xo 
100 1 |a Staněk, Peter  |4 aut 
245 1 0 |a Malé a stredné podniky :  |b súčasnosť a budúcnosť /  |c aut. Peter Staněk, Pavlína Ivanová 
250 |a 1. vyd. 
260 |a Bratislava  |b Wolters Kluwer  |c 2017 
300 |a 111 s. 
490 0 |a Ekonómia  |v 685. 
650 0 7 |a podnikanie 
650 0 7 |a malé a stredné podniky 
700 1 |a Ivanová, Pavlína  |4 aut 
996 |b 284M088098  |c M* 14229-1  |l MMKN  |s A  |a 24  |w 0070871_0001